Responses for show #5601 - Monday, January 5, 2009

Contestants

Andrew Kasson, an operations manager originally from Ocean, New Jersey

Victoria Harkavy, an AmeriCorps service member from Potomac, Maryland

Michael Portnoy, a teacher from Miami, Florida (whose 2-day cash winnings total $40,000)

Jeopardy! Round responses

YOU: BEING BEAUTIFUL
(Alex: And all of the clues in that category will be given by the book's author Dr. Oz.)
SONGS FROM MUSICALS
THE HOLY "C"
WOOD YOU OR WOODN'T YOU?
THEY STILL MAKE THAT?
THE BATTLE OF THE SEXES
    $200 20
acupressure

Victoria
    $200 1
Jersey Boys

Michael
    $200 8
chariots

Andrew
    $200 15
a palm

Victoria
    $200 25
an 8-track

Victoria
    $200 3
machismo

Andrew
    $400 21
free radicals

Victoria
    $400 2
Phantom of the Opera

Victoria
    $400 9
(Andrew: What is a crown?)
(Alex: Yes. Be more specific, though.)

a crown of thorns

Andrew
    $400 16
Cedar

Michael
    $400 26
The Clapper

Andrew
    $400 4
distaff

Victoria
    $600 22
vitamin D

Michael
    $600 12
Sweeney Todd

Michael
    $600 10
a camel

Victoria
    $600 17
spruce

Victoria
    $600 27
(Alex: You haven't done a lot of driving along the highways to see those signs advertising [*].)

Burma-Shave

Triple Stumper
    $600 5
deeds

Victoria
    $800 24
a bunion

Andrew
    $800 13
The Wiz

Andrew
    $800 11
the coat of many colors

Michael
    $800 18
Oak

Victoria
    $800 28
Pop Rocks

Michael
    $800 6
But a woman's work is never done

Triple Stumper
    $1000 30
obsessive-compulsive disorder

Michael
    $1000 23
(Alex: And that was [*]. "Kids! Who can tell what's wrong...?")

Bye Bye Birdie

Triple Stumper
    $1000 14
Canaan

Victoria
    $5,600 19
pine

Victoria
    $1000 29
(Alex: And those were the [*] jackets.)

Members Only

Triple Stumper
    $1000 7
virility

Victoria

Scores at the first commercial break (after clue 15):

Michael Victoria Andrew
$1,600 $4,200 $1,600

Scores at the end of the Jeopardy! Round:

Michael Victoria Andrew
$4,400 $12,000 $2,800

Double Jeopardy! Round responses

RICE
LOMBARDY
UNITE US
ART MONK
"EL"-WAY
PIGSKIN LEGENDS
    $400 6
sake

Michael
    $400 21
(Victoria: What is Amati?)
...
(Alex: One of the two, obviously.)

Stradivarius

MichaelVictoria
    $400 26
the AFL & the CIO

Victoria
    $400 8
the Medici

Victoria
    $400 16
an elegy

Victoria
    $400 1
the Miami Dolphins

Andrew
    $800 7
dirty rice

Victoria
    $800 22
Milan

Michael
    $800 27
hands

Victoria
    $800 9
illuminated

Michael
    $1,400 17
The Elements

Victoria
    $800 2
Ed Jones

Andrew
    $1200 13
risotto

Andrew
    $1200 23
(Michael: Who was Charlemagne?)

Frederick I Barbarossa

Michael
Triple Stumper
    $1200 28
Alsace

Victoria
    $1200 10
(Andrew: Who is Saint Augustine?)

(Saint Thomas) Aquinas

VictoriaAndrew
    $1200 18
the Elms

Michael
    $1200 3
(Alex: Home of the Packers.)

Lambeau Field

Andrew
    $1600 14
Rice-A-Roni

Andrew
    $1600 24
Bellagio

Triple Stumper
    $1600 11
Fra Angelico

Triple Stumper
    $1600 19
elderberry

Michael
    $1600 4
(Randy) Moss

Andrew
    $2000 15
basmati

Michael
    $2000 25
the Po

Triple Stumper
    $2000 12
Paul

Michael
    $2000 20
elocution

Victoria
    $2000 5
(Red) Grange

Andrew

Scores at the end of the Double Jeopardy! Round:

Michael Victoria Andrew
$12,400 $20,200 $10,400

[wagering suggestions for these scores]

Final Jeopardy! Round responses

CHARACTERS IN NOVELS
AndrewWhat is Ulysses?
$10,399
MichaelWhat is Ullyses?
$12,000
VictoriaWhat is Ulysses?
$4,700
Ulysses

Final scores:

Michael Victoria Andrew
$24,400 $24,900 $20,799
2nd place: $2,000 New champion: $24,900 3rd place: $1,000

Game dynamics:

Coryat scores:

Michael Victoria Andrew
$12,400 $15,000 $10,400
15 R,
1 W
22 R
(including 2 DDs),
1 W
13 R,
1 W

Combined Coryat: $37,800

The J! Archive is created by fans, for fans. The Jeopardy! game show and all elements thereof, including but not limited to copyright and trademark thereto, are the property of Jeopardy Productions, Inc. and are protected under law. This website is not affiliated with, sponsored by, or operated by Jeopardy Productions, Inc. Join the discussion at JBoard.tv.